000 00798cab a22002055a 4500
001 L153788
008 110831e20110827xxk 000 0 eng d
035 _a(Sirsi) u153788
041 0 _aeng
100 1 _aNunn, Vicky
245 0 2 _aA new type of crop
260 _c2011
490 _aEstates Gazette
_v(1134) 27 August 2011, 62-64(3)
520 _aConsiders the life cycle of an onshore wind farm project and how it affects the relationship between the landownder and developer. Includes information on wind farm life span, physical components and the environment and technical requirements that need to support a wind farm.
590 _aKA
651 4 _aUnited Kingdom
_y
690 _aENVIRONMENTAL AND LAND CONSULTANCY-ENERGY-RENEWABLE ENERGY
700 1 _aPierce, Carlos
942 _n0
999 _c83377
_d83377